Arte del renacimiento. (folleto) /

Guardado en:
Formato: Libro
Publicado: Espa¤a : , 0
Materias:
Fc
Etiquetas: Agregar Etiqueta
Sin Etiquetas, Sea el primero en etiquetar este registro!
LEADER 00437nam a22001695a 4500
001 CEM.cems010194
005 20060214000000.0
008 130507b######################000#0#####d
003 CEMS
082 0 4 |a F709 
245 0 0 |a Arte del renacimiento. (folleto) / 
260 |a Espa¤a :  |b , 0 
300 |a 53 p. 
653 |a Arte del renacimiento 
653 |a Arte-espa¥a 
653 |a Fc 
859 |a CEMS  |b BIB. CEMS - 11 de abril  |h F709  |i 28  |p 1665.44  |t Ej.1